[Event "NM for klubblag 2010"]
[Site "Drammen"]
[Date "2010.10.09"]
[Round "3"]
[Board "23"]
[White "Henriksen, Geir I"]
[Black "Kongevold, Hans Inge"]
[Result "1-0"]
[WhiteElo "2133"]
[BlackElo "1961"]
[PlyCount "72"]
[WhiteTeam "Drammen Tigers"]
[BlackTeam "Moss 1"]

1. d4 f5 2. c4 Nf6 3. g3 g6 4. Bg2 Bg7 5. Nc3 O-O 6. Nf3 d6 7. O-O Nc6 8. d5
Na5 9. Qd3 c5 10. Bd2 Rb8 11. Rab1 a6 12. a4 Nb3 13. Be1 Ng4 14. h3 Ne5 15.
Nxe5 dxe5 16. Ne4 Qb6 17. Nd2 Nd4 18. e4 f4 19. g4 h5 20. g5 f3 21. Nxf3 Bxh3
22. Nxd4 Bxg2 23. Ne6 Bxf1 24. Kxf1 Rf7 25. Qe3 Qd6 26. b4 cxb4 27. c5 Qd7 28.
Rxb4 Rbf8 29. Qb3 Rf3 30. Rxb7 Qxe6 31. dxe6 Rxb3 32. Rxb3 Rc8 33. Bb4 Rc6 34.
Ba3 Rxe6 35. Rb6 Kf7 36. a5 h4 1-0

[Event "NM for klubblag 2010"]
[Site "Drammen"]
[Date "2010.10.09"]
[Round "3"]
[Board "24"]
[White "Olsen, Robin"]
[Black "Ludvigsen, Frode"]
[Result "1-0"]
[WhiteElo "1864"]
[BlackElo "2009"]
[PlyCount "108"]
[WhiteTeam "Moss 1"]
[BlackTeam "Drammen Tigers"]

1. d4 Nf6 2. c4 e6 3. g3 c5 4. d5 exd5 5. cxd5 g6 6. Nc3 Bg7 7. Bg2 O-O 8. Nf3
d6 9. O-O a6 10. a4 Re8 11. a5 b5 12. axb6 Nbd7 13. Re1 Ne4 14. Nxe4 Rxe4 15.
Qc2 Rb4 16. Nd2 Nxb6 17. Ra2 a5 18. e4 a4 19. Bf1 Bd7 20. Nb1 Bb5 21. Bd2 Bxf1
22. Kxf1 Rb5 23. Bc3 Bxc3 24. Nxc3 Rb4 25. Rea1 Qe8 26. Kg2 Rb8 27. Re1 Qe5 28.
Re2 Qd4 29. Ra1 Nc4 30. Nxa4 Nxb2 31. Rd2 Qe5 32. f4 Qe8 33. Nc3 Nc4 34. Re2
Ne3+ 35. Rxe3 Rb2 36. Re2 Rxc2 37. Rxc2 Rb3 38. Ra6 Qb8 39. Nd1 Qb4 40. Ra8+
Kg7 41. Nf2 Rb2 42. Ra2 Rxa2 43. Rxa2 c4 44. Re2 c3 45. Nd3 Qd4 46. Ne1 f6 47.
Nc2 Qd3 48. Kf2 Kf7 49. Ne1 Qd4+ 50. Kf3 Ke7 51. Nc2 Qd3+ 52. Kf2 Kd7 53. Ne1
Qd4+ 54. Kf3 Kc7 {de siste trekkene mangler.} 1-0

[Event "NM for klubblag 2010"]
[Site "Drammen"]
[Date "2010.10.09"]
[Round "3"]
[Board "26"]
[White "Stenersen, Gudmund"]
[Black "Nordahl, Helge"]
[Result "1/2-1/2"]
[WhiteElo "2200"]
[BlackElo "2331"]
[PlyCount "110"]
[WhiteTeam "SOSS"]
[BlackTeam "Black Knights 1"]

1. e4 c5 2. Nc3 Nc6 3. g3 g6 4. Bg2 Bg7 5. Nge2 d6 6. d3 Nf6 7. O-O O-O 8. h3
Bd7 9. Be3 Rc8 10. Nd5 Nxd5 11. exd5 Nd4 12. c3 Nxe2+ 13. Qxe2 Qb6 14. Rfe1 e5
15. Qd2 f5 16. Rab1 Qd8 17. Bg5 Bf6 18. Bxf6 Qxf6 19. b4 cxb4 20. Rxb4 b6 21.
d4 Rfe8 22. dxe5 Rxe5 23. Rxe5 Qxe5 24. c4 Re8 25. Rb2 f4 26. gxf4 Qe1+ 27. Kh2
Qxd2 28. Rxd2 Re1 29. Bf3 Rc1 30. Be2 Rc3 31. f3 Kf7 32. Kg3 Bc8 33. Rb2 Rc1
34. h4 Kf6 35. Kf2 Rh1 36. Rb3 Rxh4 37. Ke3 Rh2 38. Ra3 h5 39. Rxa7 h4 40. Rc7
Bf5 41. Rc6 h3 42. Bf1 Rb2 43. Bxh3 Bxh3 44. Rxd6+ Kf7 45. Kd4 Bf5 46. Rc6 Ke7
47. Ke5 Re2+ 48. Kd4 Rd2+ 49. Ke5 Re2+ 50. Kd4 Rxa2 51. Rxb6 Ra3 52. Rb7+ Kd8
53. c5 Rxf3 54. Ke5 Re3+ 55. Kd6 Ke8 1/2-1/2

[Event "NM for klubblag 2010"]
[Site "Drammen"]
[Date "2010.10.09"]
[Round "3"]
[Board "29"]
[White "Botheim, Tor"]
[Black "Stray, Gunnar"]
[Result "1/2-1/2"]
[WhiteElo "1931"]
[BlackElo "1974"]
[PlyCount "36"]
[WhiteTeam "1911 2"]
[BlackTeam "Moss 2"]

1. e4 c5 2. Nf3 e6 3. d4 cxd4 4. Nxd4 a6 5. Nc3 Qc7 6. Be2 Nf6 7. O-O Nc6 8.
Be3 Bb4 9. Bd3 Ne5 10. Nce2 Nfg4 11. Bf4 Bd6 12. Bg3 h5 13. h3 h4 14. Bxe5 Nxe5
15. f4 Nxd3 16. Qxd3 Bc5 17. Kh1 b6 18. Rad1 Bb7 1/2-1/2

[Event "NM for klubblag 2010"]
[Site "Drammen"]
[Date "2010.10.09"]
[Round "3"]
[Board "31"]
[White "Kjølberg, Jens Hjorth"]
[Black "Selbekk, Vebjørn"]
[Result "1-0"]
[WhiteElo "1724"]
[BlackElo "1796"]
[PlyCount "99"]
[WhiteTeam "1911 2"]
[BlackTeam "Moss 2"]

1. e4 g6 2. d4 Bg7 3. Nc3 d6 4. Be3 Nf6 5. Qd2 c6 6. f3 b5 7. g4 h5 8. g5 Nfd7
9. Bd3 Bb7 10. Nh3 b4 11. Ne2 c5 12. O-O Nc6 13. c3 Qa5 14. Rfd1 bxc3 15. bxc3
cxd4 16. cxd4 Qxd2 17. Rxd2 O-O 18. Rb1 Rfb8 19. Nhf4 e5 20. dxe5 Ncxe5 21. Kf2
Nc5 22. Nc1 Ncxd3+ 23. Ncxd3 Nc4 24. Rdd1 Nxe3 25. Kxe3 a5 26. Rb6 Ra6 27. Rdb1
Rxb6 28. Rxb6 Bf8 29. Nd5 Kg7 30. Nf6 Be7 31. Nd7 Bxg5+ 32. f4 Bd8 33. Rb1 Rc8
34. Rxb7 Rc2 35. Rb2 Rc7 36. Nb6 Bf6 37. Re2 Rc3 38. Nd5 Ra3 39. Nxf6 Kxf6 40.
Rc2 Ke6 41. Rb2 Kf6 42. Kd4 Ke6 43. h4 Ra4+ 44. Ke3 Ra3 45. Rb6 Rxa2 46. e5 Rh2
47. exd6 Rc2 48. Ne5 a4 49. d7+ Ke7 50. Rb8 1-0

[Event "NM for klubblag 2010"]
[Site "Drammen"]
[Date "2010.10.09"]
[Round "3"]
[Board "32"]
[White "Andersen, Benjamin Mjelde"]
[Black "Kjøita, Torgeir"]
[Result "0-1"]
[WhiteElo "1224"]
[BlackElo "1627"]
[PlyCount "52"]
[WhiteTeam "Moss 2"]
[BlackTeam "1911 2"]

1. e4 e5 2. Nf3 Nc6 3. Bc4 Bc5 4. d3 d6 5. h3 h6 6. Be3 Bb6 7. Nc3 Nf6 8. Qd2
Be6 9. Bb3 Qd7 10. Nd5 Bxd5 11. exd5 Na5 12. Bxb6 axb6 13. Qb4 O-O 14. Ba4 Qe7
15. c4 e4 16. Nd4 Qe5 17. O-O Qxd4 18. dxe4 Qxe4 19. Rfe1 Qxc4 20. Qa3 Qxd5 21.
Rad1 Qc5 22. b4 Nc4 23. bxc5 Nxa3 24. cxd6 Rxa4 25. dxc7 Rc4 26. Re7 Nb5 0-1

[Event "NM for klubblag 2010"]
[Site "Drammen"]
[Date "2010.10.09"]
[Round "3"]
[Board "33"]
[White "Nordby, Bernt"]
[Black "Rathan, Raksha"]
[Result "1-0"]
[WhiteElo "2058"]
[BlackElo "1445"]
[PlyCount "81"]
[WhiteTeam "Sarpsborg"]
[BlackTeam "OSS 6"]

1. d4 d5 2. Nf3 Nf6 3. c4 e6 4. Bg5 Be7 5. e3 Bd7 6. Nc3 dxc4 7. Bxc4 Bc6 8.
O-O O-O 9. Ne5 Nfd7 10. Bxe7 Qxe7 11. Nxc6 Nxc6 12. Rc1 Nf6 13. Bb5 Nb8 14. Qf3
c6 15. Bd3 Nbd7 16. Rfd1 Nb6 17. Ne4 Nbd5 18. Ng3 Rfd8 19. e4 Nb4 20. Bb1 e5
21. a3 Na6 22. Nf5 Qc7 23. Qg3 g6 24. dxe5 Nh5 25. Qf3 Ng7 26. Nh6+ Kf8 27. Ba2
Ne8 28. Rxd8 Rxd8 29. Nxf7 Rb8 30. Nd6+ Kg7 31. Nxe8+ Rxe8 32. Qf6+ Kh6 33.
Qh4+ Kg7 34. Qf6+ Kh6 35. Rc3 Rxe5 36. Rh3+ Rh5 37. Qf8+ Qg7 38. Qf4+ g5 39.
Rxh5+ Kxh5 40. Bf7+ Kh6 41. Qd6+ 1-0

[Event "NM for klubblag 2010"]
[Site "Drammen"]
[Date "2010.10.09"]
[Round "3"]
[Board "34"]
[White "Suntharalingam, Jarani"]
[Black "Hamre, Kenneth"]
[Result "0-1"]
[WhiteElo "1385"]
[BlackElo "1810"]
[PlyCount "108"]
[WhiteTeam "OSS 6"]
[BlackTeam "Sarpsborg"]

1. e4 c5 2. Nf3 d6 3. d4 cxd4 4. Nxd4 Nf6 5. Nc3 g6 6. Bg5 Bg7 7. Bc4 a6 8. O-O
Nbd7 9. Kh1 Qc7 10. Bb3 b5 11. a3 Bb7 12. Bxf6 Nxf6 13. Qd3 O-O 14. f4 Qc5 15.
Rad1 Ng4 16. f5 Bxd4 17. Qxd4 Ne3 18. Rf3 Nxd1 19. Qxd1 Qe5 20. Qe2 Rac8 21.
fxg6 hxg6 22. Rg3 Kg7 23. Qe3 Rh8 24. Qf2 e6 25. h3 Bxe4 26. Nxe4 Qxe4 27. Qa7
Rc5 28. Rf3 Rf5 29. Re3 Rf1+ 30. Kh2 Qf4+ 31. Rg3 Qf2 32. Qxf2 Rxf2 33. Rc3 d5
34. Rc6 Ra8 35. a4 b4 36. a5 Rd2 37. Rb6 Rd4 38. Kg3 Ra7 39. Kf3 g5 40. Ke3
Re4+ 41. Kd3 f5 42. g3 f4 43. gxf4 gxf4 44. c4 bxc3 45. Bd1 Re3+ 46. Kc2 f3 47.
Bxf3 Rxf3 48. bxc3 Kf6 49. h4 Rh3 50. Rb4 Rc7 51. Rb3 d4 52. Kb2 dxc3+ 53. Kc2
Rh2+ 54. Kb1 c2+ 0-1

[Event "NM for klubblag 2010"]
[Site "Drammen"]
[Date "2010.10.09"]
[Round "3"]
[Board "35"]
[White "Fjellengen, Bård"]
[Black "Rødsmoen, Maud"]
[Result "1-0"]
[WhiteElo "1789"]
[BlackElo "1358"]
[PlyCount "127"]
[WhiteTeam "Sarpsborg"]
[BlackTeam "OSS 6"]

1. d4 d5 2. Nf3 Nf6 3. e3 Bf5 4. Bd3 Bxd3 5. Qxd3 e6 6. Qb5+ Nbd7 7. Qxb7 c5 8.
Qa6 Be7 9. O-O O-O 10. b3 Qc7 11. Ba3 Rfe8 12. Qe2 Rac8 13. Rc1 Ne4 14. c4 cxd4
15. Bxe7 Rxe7 16. exd4 Qf4 17. Nbd2 Nxd2 18. Qxd2 Qxd2 19. Nxd2 dxc4 20. Nxc4
Nf6 21. Ne3 Rec7 22. Rc4 Nd5 23. Rac1 Rxc4 24. bxc4 Nb6 25. c5 Nd5 26. Nxd5
exd5 27. Kf1 Kf8 28. Ke2 Ke7 29. Rb1 Rc7 30. a4 Kd7 31. a5 Kc6 32. a6 Re7+ 33.
Kd3 f5 34. Rb8 g6 35. f4 h6 36. h4 Rg7 37. Rd8 Kb5 38. Rxd5 Kxa6 39. Kc4 Kb7
40. g3 a6 41. Re5 Kc7 42. d5 Kd8 43. Re6 Ra7 44. Rxg6 a5 45. Rg8+ Kc7 46. Rg7+
Kb8 47. Rxa7 Kxa7 48. Kb5 Kb7 49. Kxa5 Kc7 50. Kb5 Kd7 51. Kb6 Kc8 52. Kc6 h5
53. Kd6 Kd8 54. Ke6 Ke8 55. c6 Kd8 56. d6 Kc8 57. Ke7 Kb8 58. c7+ Kc8 59. d7+
Kxc7 60. d8=Q+ Kc6 61. Qa5 Kb7 62. Kd6 Kb8 63. Kc6 Kc8 64. Qa8# 1-0

[Event "NM for klubblag 2010"]
[Site "Drammen"]
[Date "2010.10.09"]
[Round "3"]
[Board "36"]
[White "Gholami, Anita"]
[Black "Forsberg, Jan"]
[Result "0-1"]
[WhiteElo "1051"]
[BlackElo "1608"]
[PlyCount "52"]
[WhiteTeam "OSS 6"]
[BlackTeam "Sarpsborg"]

1. e4 e6 2. d4 d5 3. e5 c5 4. c3 Nc6 5. Nf3 Nge7 6. Na3 cxd4 7. cxd4 Nf5 8. Nc2
Bd7 9. a3 Rc8 10. b4 Qc7 11. Bd3 Ncxd4 12. Nfxd4 Nxd4 13. Nxd4 Qc3+ 14. Bd2
Qxd4 15. O-O Qxd3 16. Ra2 Be7 17. Re1 O-O 18. Re3 Qf5 19. Bc3 Rc4 20. Rae2 Rfc8
21. Bb2 Bd8 22. Qd2 Rc2 23. Qd1 Rxe2 24. Qxe2 Rc2 25. Qd1 Qxf2+ 26. Kh1 Qxg2#
0-1

[Event "NM for klubblag 2010"]
[Site "Drammen"]
[Date "2010.10.09"]
[Round "3"]
[Board "37"]
[White "Haarr, Jon-Kristian"]
[Black "Mikalsen, Erlend"]
[Result "1-0"]
[WhiteElo "2205"]
[BlackElo "1931"]
[PlyCount "91"]
[WhiteTeam "Stavanger 2"]
[BlackTeam "Alta"]

1. e4 c5 2. c3 d5 3. exd5 Qxd5 4. d4 Nc6 5. Nf3 Bg4 6. dxc5 Qxd1+ 7. Kxd1 e5 8.
b4 a5 9. b5 Nd8 10. Be3 e4 11. h3 Bxf3+ 12. gxf3 exf3 13. Nd2 Nf6 14. Bc4 Rc8
15. Re1 Ne6 16. c6 bxc6 17. bxc6 Bd6 18. Ba6 O-O 19. Bxc8 Rxc8 20. Nxf3 Rxc6
21. Bd4 Nd5 22. Rc1 Ndf4 23. Rh1 Rc4 24. Rc2 a4 25. Be3 Nd5 26. Rd2 Nxc3+ 27.
Ke1 Ne4 28. Re2 a3 29. Kf1 Rb4 30. Kg2 Rb2 31. Nd4 Nc3 32. Rc2 Nxa2 33. Ra1
Rxc2 34. Nxc2 Nb4 35. Nxa3 h6 36. Nc4 Be7 37. Ne5 Nd5 38. Ra8+ Bf8 39. Bc1 g5
40. Nd7 Ndf4+ 41. Kf3 Ng6 42. Nf6+ Kh8 43. Bb2 Ng7 44. Ra7 Be7 45. Nh5 Nh4+ 46.
Ke2 1-0

[Event "NM for klubblag 2010"]
[Site "Drammen"]
[Date "2010.10.09"]
[Round "3"]
[Board "38"]
[White "Mikalsen, Odd Erling"]
[Black "Kvisla, Johannes"]
[Result "1/2-1/2"]
[WhiteElo "1759"]
[BlackElo "2078"]
[PlyCount "143"]
[WhiteTeam "Alta"]
[BlackTeam "Stavanger 2"]

1. e4 c5 2. Nc3 g6 3. f4 Bg7 4. Nf3 e6 5. Bc4 Nc6 6. d3 Nge7 7. O-O d5 8. Bb5
O-O 9. Bxc6 Nxc6 10. a3 a6 11. Qe1 Nd4 12. Nxd4 cxd4 13. Ne2 dxe4 14. dxe4 b5
15. Bd2 d3 16. cxd3 Bxb2 17. Ra2 Bg7 18. Qg3 Bb7 19. Rc2 Rc8 20. Rfc1 Rxc2 21.
Rxc2 f5 22. e5 Rf7 23. Bb4 Bf8 24. Qe3 Bxb4 25. axb4 Qd5 26. Nc1 Rc7 27. Rf2
Rc3 28. h3 Ra3 29. Kh2 Ra4 30. Qd2 Qd4 31. Nb3 Qxb4 32. Qxb4 Rxb4 33. Nc5 Bd5
34. Nxa6 Rd4 35. Nc5 b4 36. g4 b3 37. Kg3 Rb4 38. Rb2 Kf7 39. Nd7 Ra4 40. Nf6
Ra2 41. Rb1 Rd2 42. Nxd5 Rxd3+ 43. Ne3 Rxe3+ 44. Kh4 h6 45. Rc1 fxg4 46. Rc7+
Ke8 47. Kxg4 b2 48. Rb7 Re2 49. h4 Kd8 50. h5 gxh5+ 51. Kxh5 Kc8 52. Rb5 Kd7
53. Kxh6 Rg2 54. Kh5 Kc6 55. Rb8 Kd5 56. Kh4 Kc4 57. Kh3 Re2 58. Kg4 Kc3 59.
Kg5 Re4 60. Rxb2 Kxb2 61. Kf6 Kc3 62. Kxe6 Kd4 63. Kd6 Rxf4 64. e6 Rf6 65. Kd7
Kd5 66. e7 Rd6+ 67. Kc7 Rc6+ 68. Kd7 Ra6 69. e8=Q Ra7+ 70. Kd8 Ra8+ 71. Ke7
Rxe8+ 72. Kxe8 1/2-1/2

[Event "NM for klubblag 2010"]
[Site "Drammen"]
[Date "2010.10.09"]
[Round "3"]
[Board "39"]
[White "Pettersen, Joar Gullestad"]
[Black "Mikalsen, Harald"]
[Result "1/2-1/2"]
[WhiteElo "2051"]
[BlackElo "1696"]
[PlyCount "86"]
[WhiteTeam "Stavanger 2"]
[BlackTeam "Alta"]

1. d4 d5 2. c4 c6 3. Nc3 Nf6 4. Nf3 e6 5. e3 Be7 6. Bd3 O-O 7. O-O Nbd7 8. b3
b6 9. Bb2 Bb7 10. Ne5 dxc4 11. Nxc4 Rc8 12. Qe2 b5 13. Nd2 Qb6 14. Nf3 a6 15.
e4 c5 16. dxc5 Nxc5 17. e5 Nd5 18. Nxd5 Bxd5 19. Bd4 Qb7 20. Bc2 Rfd8 21. Rfd1
Rd7 22. Rac1 Rdc7 23. Bb1 h6 24. Ne1 b4 25. f3 Bg5 26. Be3 Bxe3+ 27. Qxe3 a5
28. Qd4 g6 29. Qe3 Kg7 30. Nd3 Nxd3 31. Rxc7 Qxc7 32. Qxd3 Qxe5 33. Qd2 Qc7 34.
Qd4+ Kg8 35. Qf6 Qc5+ 36. Kh1 Qc3 37. Qf4 Kg7 38. h3 Qb2 39. Kh2 Qe2 40. Qd4+
Kg8 41. Rd2 Qe1 42. Rd1 Qe2 43. Rd2 Qe1 1/2-1/2

[Event "NM for klubblag 2010"]
[Site "Drammen"]
[Date "2010.10.09"]
[Round "3"]
[Board "40"]
[White "Jakobsen, Alf Gjøran"]
[Black "Havik, Victor"]
[Result "1-0"]
[WhiteElo "1618"]
[BlackElo "2078"]
[PlyCount "69"]
[WhiteTeam "Alta"]
[BlackTeam "Stavanger 2"]

1. d4 Nf6 2. c4 e6 3. Nf3 c5 4. e3 Qb6 5. Be2 Nc6 6. O-O d6 7. b3 Be7 8. Bb2
O-O 9. Nbd2 a5 10. Qc2 Bd7 11. dxc5 dxc5 12. Ne4 Nb4 13. Nxf6+ Bxf6 14. Qd2
Rfd8 15. Bxf6 gxf6 16. e4 e5 17. Qh6 Qc6 18. a3 Nc2 19. Ra2 Qxe4 20. Bd1 Nd4
21. Qxf6 Re8 22. Qg5+ Qg6 23. Qe3 Bc6 24. Nh4 Qg7 25. f4 exf4 26. Qxf4 Re4 27.
Qf2 a4 28. b4 b6 29. Nf5 Nxf5 30. Qxf5 cxb4 31. axb4 a3 32. Bb3 Re3 33. Bd1 Rd8
34. Bh5 Ree8 35. Bxf7+ 1-0

[Event "NM for klubblag 2010"]
[Site "Drammen"]
[Date "2010.10.09"]
[Round "3"]
[Board "45"]
[White "Lien, Kjell Håkon"]
[Black "Jacobsen, Maria Pitz"]
[Result "1/2-1/2"]
[WhiteElo "1453"]
[BlackElo "1751"]
[PlyCount "67"]
[WhiteTeam "Hønefoss 2"]
[BlackTeam "Vålerenga"]

1. e4 e5 2. Nf3 Nc6 3. Bc4 Nf6 4. Ng5 d5 5. exd5 Na5 6. Bb5+ c6 7. dxc6 bxc6 8.
Qf3 Bb7 9. Ba4 Bd6 10. O-O O-O 11. Nc3 c5 12. Qe2 Bc7 13. d3 Nd5 14. Nge4 Nxc3
15. Nxc3 f5 16. f4 e4 17. dxe4 fxe4 18. Be3 Qe7 19. Bb3+ Nxb3 20. axb3 Rf6 21.
Qc4+ Qf7 22. Bxc5 Bxf4 23. Qxf7+ Rxf7 24. g3 Bd2 25. Rxf7 Kxf7 26. Rxa7 Rxa7
27. Bxa7 e3 28. Ne2 Ba6 29. Kf1 Ke6 30. Bd4 g6 31. c4 Kf5 32. Bc3 Ke4 33. Nf4
Bxc3 34. bxc3 1/2-1/2

[Event "NM for klubblag 2010"]
[Site "Drammen"]
[Date "2010.10.09"]
[Round "3"]
[Board "49"]
[White "Rambø, Jan-Bjarne"]
[Black "Evensen, Tom R"]
[Result "0-1"]
[WhiteElo "1612"]
[BlackElo "2041"]
[PlyCount "68"]
[WhiteTeam "Bærum"]
[BlackTeam "Trondheim"]

1. c4 Nf6 2. Nc3 e6 3. Nf3 d5 4. d4 Be7 5. Bg5 Nbd7 6. e3 O-O 7. Rc1 h6 8. Bh4
Re8 9. cxd5 exd5 10. Bd3 c6 11. O-O Ne4 12. Bxe7 Qxe7 13. Re1 Ndf6 14. Nd2 Qd6
15. f3 Ng5 16. Nf1 Bd7 17. a3 Re7 18. Qb3 b6 19. Qc2 Rae8 20. Ne2 Rc8 21. Neg3
c5 22. Nf5 Bxf5 23. Bxf5 Rcc7 24. Qa4 g6 25. Bd3 Kg7 26. Qb5 cxd4 27. exd4 Ne6
28. Qa4 Qf4 29. Rcd1 Nxd4 30. Kh1 Ne6 31. Qb3 Nc5 32. Qc3 Nce4 33. Qb3 Nf2+ 34.
Kg1 Qd4 0-1

[Event "NM for klubblag 2010"]
[Site "Drammen"]
[Date "2010.10.09"]
[Round "3"]
[Board "50"]
[White "Laverton, Christian"]
[Black "Bergersen, Per A"]
[Result "1-0"]
[WhiteElo "1915"]
[BlackElo "1572"]
[PlyCount "137"]
[WhiteTeam "Trondheim"]
[BlackTeam "Bærum"]

1. d4 e6 2. c4 b6 3. Nf3 Bb7 4. a3 f5 5. Nc3 Nf6 6. Bg5 Be7 7. g3 O-O 8. Bg2 d6
9. O-O Ne4 10. Bxe7 Qxe7 11. Qc2 Nxc3 12. Qxc3 Nd7 13. Rad1 Rae8 14. b4 Nf6 15.
Qb2 Be4 16. Rd2 Rd8 17. Rfd1 Qe8 18. Ng5 Bxg2 19. Kxg2 h6 20. Nf3 g5 21. Qb3
Kg7 22. Rd3 Qg6 23. Qa4 Ra8 24. Qc6 Qf7 25. c5 Qd7 26. Qxd7+ Nxd7 27. cxd6 cxd6
28. Rc3 Nf6 29. Nd2 Rf7 30. Rdc1 Rd8 31. Rc6 Rdd7 32. Nc4 Ne8 33. f3 b5 34. Na5
Rc7 35. Kf2 Rxc6 36. Rxc6 Rc7 37. Ra6 Kf6 38. Nc6 d5 39. Nxa7 Nd6 40. Rxd6 Rxa7
41. Rb6 Rxa3 42. Rxb5 Rb3 43. Rb8 Rb2 44. b5 Kg7 45. b6 f4 46. gxf4 gxf4 47. b7
Kh7 48. Ke1 Rb4 49. Kd2 Kg7 50. e3 fxe3+ 51. Kxe3 Kh7 52. h4 Kg7 53. h5 Kh7 54.
Re8 Rxb7 55. Rxe6 Rb3+ 56. Kf4 Rd3 57. Ke5 Rxf3 58. Kxd5 Kg7 59. Kd6 Rf5 60.
Re5 Rf2 61. d5 Ra2 62. Ke7 Ra7+ 63. Ke6 Kf8 64. d6 Ra2 65. Rf5+ Kg7 66. d7 Re2+
67. Re5 Rd2 68. Rd5 Re2+ 69. Kd6 1-0

[Event "NM for klubblag 2010"]
[Site "Drammen"]
[Date "2010.10.09"]
[Round "3"]
[Board "51"]
[White "Ekeberg, Øivind"]
[Black "Langmyhr, Tore"]
[Result "0-1"]
[WhiteElo "1203"]
[BlackElo "1846"]
[PlyCount "60"]
[WhiteTeam "Bærum"]
[BlackTeam "Trondheim"]

1. e4 d5 2. exd5 Nf6 3. Nf3 Nxd5 4. Bc4 Bg4 5. O-O e6 6. d4 Be7 7. c3 O-O 8.
Qd3 Bf5 9. Qe2 Nc6 10. Nbd2 Na5 11. Ne5 f6 12. Nef3 Nxc4 13. Nxc4 b5 14. Ne3
Nf4 15. Qd2 Be4 16. Ne1 Bd6 17. f3 Bg6 18. a4 c6 19. b3 Bc7 20. axb5 cxb5 21.
N1c2 Qb8 22. Nb4 a5 23. Nbc2 Rd8 24. Rd1 e5 25. g3 Nh3+ 26. Kg2 Ng5 27. d5 Qc8
28. g4 e4 29. h3 exf3+ 30. Kf2 Ne4+ 0-1

[Event "NM for klubblag 2010"]
[Site "Drammen"]
[Date "2010.10.09"]
[Round "3"]
[Board "53"]
[White "Ulvnes, Roar"]
[Black "Hauge, Lars Oskar"]
[Result "1/2-1/2"]
[WhiteElo "1945"]
[BlackElo "1812"]
[PlyCount "60"]
[WhiteTeam "Nordstrand 2"]
[BlackTeam "OSS 4"]

1. d4 Nf6 2. Nf3 g6 3. c4 c5 4. d5 b5 5. cxb5 a6 6. bxa6 Bxa6 7. Nc3 d6 8. g3
Bg7 9. Bg2 O-O 10. Rb1 Nbd7 11. O-O Qa5 12. Bd2 Rfb8 13. Re1 Ng4 14. Na4 Qc7
15. b3 Nge5 16. Nxe5 Nxe5 17. Qc2 Qa7 18. Nb2 Rc8 19. Bc3 c4 20. b4 Bb5 21. a4
Bxa4 22. Nxa4 Qxa4 23. Qxa4 Rxa4 24. Rec1 Ra3 25. Bh3 f5 26. Bd2 c3 27. Rc2 Nc4
28. Bc1 Ra6 29. e4 Rca8 30. Bf1 Rc8 1/2-1/2

[Event "NM for klubblag 2010"]
[Site "Drammen"]
[Date "2010.10.09"]
[Round "3"]
[Board "54"]
[White "Suntharalingam, Jathavan"]
[Black "Johansen, Lars"]
[Result "1/2-1/2"]
[WhiteElo "1751"]
[BlackElo "1720"]
[PlyCount "65"]
[WhiteTeam "OSS 4"]
[BlackTeam "Nordstrand 2"]

1. e4 e5 2. Nf3 Nc6 3. Bb5 a6 4. Ba4 Nf6 5. d4 b5 6. Bb3 Nxe4 7. O-O d5 8. Nxe5
Nxe5 9. dxe5 Bb7 10. c3 Bc5 11. Qg4 g5 12. Nd2 h5 13. Qf3 g4 14. Qf4 Qg5 15.
Nxe4 Qxf4 16. Bxf4 dxe4 17. Rad1 Bb6 18. Rfe1 O-O 19. Rd7 Bc6 20. Re7 Rae8 21.
Bg5 a5 22. a3 Kg7 23. Bf6+ Kg6 24. Rxe8 Rxe8 25. Kf1 b4 26. a4 bxc3 27. bxc3
Bc5 28. Bc2 Be7 29. Bxe7 Rxe7 30. Bxe4+ Bxe4 31. Rxe4 c5 32. f4 f6 33. Rc4
1/2-1/2

[Event "NM for klubblag 2010"]
[Site "Drammen"]
[Date "2010.10.09"]
[Round "3"]
[Board "55"]
[White "Aarnes, Carl Christian"]
[Black "Riiser, Samuel"]
[Result "1-0"]
[WhiteElo "1598"]
[BlackElo "1526"]
[PlyCount "105"]
[WhiteTeam "Nordstrand 2"]
[BlackTeam "OSS 4"]

1. e4 c5 2. c3 Nf6 3. e5 Nd5 4. Bc4 Nb6 5. Bb3 e6 6. d4 cxd4 7. cxd4 d6 8. Nf3
Be7 9. O-O O-O 10. Nc3 Nc6 11. Be3 Qc7 12. Nb5 Qb8 13. Bf4 d5 14. Rc1 Bd7 15.
Qe2 a6 16. Nc3 Qd8 17. a3 Na5 18. Bc2 Nac4 19. Qd3 g6 20. Rb1 Rc8 21. Rfc1 Rc6
22. Ne2 Qc7 23. h4 Qc8 24. Bh6 Re8 25. h5 Bf8 26. hxg6 fxg6 27. Bf4 Rc7 28. Ng5
Bb5 29. Qd1 Nxb2 30. Rxb2 Bxa3 31. Rbb1 Bxc1 32. Rxc1 Rf8 33. Nh3 Bxe2 34. Qxe2
Rc3 35. Qg4 Rf7 36. Rb1 Nc4 37. Bd1 b5 38. Bf3 Na3 39. Rd1 b4 40. Ng5 Re7 41.
Bd2 h5 42. Qf4 Rb3 43. Qf6 Qe8 44. Rc1 Nc4 45. Be1 Rb2 46. Nxe6 Nb6 47. Nf4 Qf7
48. Qxb6 Kg7 49. Nxd5 Re6 50. Qd8 Re8 51. Qg5 Qf5 52. Rc7+ Kg8 53. Nf6+ 1-0

[Event "NM for klubblag 2010"]
[Site "Drammen"]
[Date "2010.10.09"]
[Round "3"]
[Board "56"]
[White "Anderson, Ludvig"]
[Black "Gaarder, Hans K"]
[Result "0-1"]
[WhiteElo "887"]
[BlackElo "1353"]
[PlyCount "66"]
[WhiteTeam "OSS 4"]
[BlackTeam "Nordstrand 2"]

1. e4 c5 2. c3 Nc6 3. Nf3 d6 4. d4 cxd4 5. cxd4 Bg4 6. Be2 Nf6 7. h3 Bxf3 8.
Bxf3 Qb6 9. Be3 Qa5+ 10. Nc3 e6 11. d5 Ne5 12. O-O Be7 13. Bd4 Nxf3+ 14. Qxf3
O-O 15. Rad1 e5 16. Be3 Rac8 17. Qe2 a6 18. f4 Nd7 19. Qd2 Rc4 20. Bf2 exf4 21.
Rfe1 Bf6 22. Re2 Be5 23. Rf1 Nf6 24. Qd3 Rfc8 25. Be1 Qd8 26. Rc2 Nxe4 27. Nxe4
Rxc2 28. Bc3 Bxc3 29. Nxc3 Qb6+ 30. Kh2 Qxb2 31. Rg1 Qxc3 32. Qxc3 R8xc3 33.
Rf1 f3 0-1

[Event "NM for klubblag 2010"]
[Site "Drammen"]
[Date "2010.10.09"]
[Round "3"]
[Board "57"]
[White "Mattsson, Håkan"]
[Black "Tari, Aryan"]
[Result "0-1"]
[WhiteElo "1880"]
[BlackElo "1999"]
[PlyCount "75"]
[WhiteTeam "OSS 3"]
[BlackTeam "Asker 2"]

1. d4 Nf6 2. c4 e6 3. Nf3 b6 4. a3 Bb7 5. Nc3 d5 6. Bg5 Be7 7. e3 Nbd7 8. Rc1
O-O 9. cxd5 exd5 10. Be2 Ne4 11. Bf4 c5 12. dxc5 Nxc3 13. Rxc3 Bf6 14. Rc2 bxc5
15. O-O Qb6 16. Qd3 c4 17. Qf5 Nc5 18. Be5 Bxe5 19. Nxe5 Rad8 20. Rd1 f6 21.
Nf3 Bc6 22. Rcd2 g6 23. Qg4 Ne4 24. Qe6+ Kg7 25. Nd4 Rd6 26. Qg4 Bd7 27. Qf4
Nxd2 28. Rxd2 Rc8 29. Bg4 c3 30. bxc3 h5 31. Bf3 Rxc3 32. g4 h4 33. g5 Rc1+ 34.
Bd1 Qb1 35. Qxd6 Rxd1+ 36. Rxd1 Qxd1+ 37. Kg2 h3+ 38. Kg3 0-1

[Event "NM for klubblag 2010"]
[Site "Drammen"]
[Date "2010.10.09"]
[Round "3"]
[Board "58"]
[White "Lilleseth, Eivind"]
[Black "Undheim, Bjarne"]
[Result "0-1"]
[WhiteElo "1598"]
[BlackElo "1764"]
[PlyCount "62"]
[WhiteTeam "Asker 2"]
[BlackTeam "OSS 3"]

1. f4 d5 2. Nf3 Nc6 3. e3 g6 4. Bb5 Nf6 5. Bxc6+ bxc6 6. b3 Bg7 7. Bb2 O-O 8.
O-O Bg4 9. d3 Nd7 10. Bxg7 Kxg7 11. Qe1 Kg8 12. Qg3 Bxf3 13. gxf3 e6 14. Nd2
Qe7 15. c4 Qb4 16. Qf2 Qd6 17. d4 c5 18. Rfd1 cxd4 19. exd4 Qxf4 20. Re1 a5 21.
c5 Nb8 22. Rad1 Nc6 23. Nf1 Rfb8 24. Ng3 a4 25. Rd3 axb3 26. axb3 Ra3 27. Rb1
Nb4 28. Rc3 Ra2 29. Ne2 Qd2 30. Kf1 Nd3 31. Qg2 Rba8 0-1

[Event "NM for klubblag 2010"]
[Site "Drammen"]
[Date "2010.10.09"]
[Round "3"]
[Board "59"]
[White "Rundgren, Anders"]
[Black "Lund, Petter"]
[Result "1-0"]
[WhiteElo "1745"]
[BlackElo "1552"]
[PlyCount "61"]
[WhiteTeam "OSS 3"]
[BlackTeam "Asker 2"]

1. e4 e5 2. Nf3 Nc6 3. Bb5 a6 4. Ba4 Nf6 5. d3 b5 6. Bb3 Be7 7. O-O d6 8. c3
O-O 9. Re1 Bg4 10. Nbd2 Na5 11. Bc2 c5 12. Nf1 Nc6 13. h3 Bxf3 14. Qxf3 d5 15.
Ne3 d4 16. Nf5 Kh8 17. Bg5 Ne8 18. Nxe7 Nxe7 19. cxd4 cxd4 20. Rac1 f6 21. Bb3
Nc7 22. Bd2 a5 23. a3 Qd6 24. Qg4 Nc6 25. Rc2 a4 26. Rec1 Ra6 27. Ba2 b4 28.
Bxb4 Nxb4 29. Rxc7 g6 30. axb4 f5 31. Qh4 1-0